Countries & Capitals of Europe - Statistics

General Stats
  • This quiz has been taken 145 times
    116 since last reset
  • The average score is 82 of 90
Answer Stats
Continent Country/Capital % Correct
Europe France
100%
Europe Germany
99%
Europe Italy
99%
Europe Belgium
97%
Europe Croatia
97%
Europe Czech Republic
97%
Europe Denmark
97%
Europe Finland
97%
Europe Paris
97%
Europe Rome
97%
Europe Albania
96%
Europe Andorra
96%
Europe Berlin
96%
Europe Bosnia and Herzegovina
96%
Europe Estonia
96%
Europe Iceland
96%
Europe Ireland
96%
Europe Poland
96%
Europe Slovakia
96%
Europe Slovenia
96%
Europe Spain
96%
Europe Sweden
96%
Europe United Kingdom
96%
Europe Austria
94%
Europe Bulgaria
94%
Europe Greece
94%
Europe Hungary
94%
Europe Latvia
94%
Europe Lithuania
94%
Europe London
94%
Europe Luxembourg
94%
Europe Luxembourg
94%
Europe Madrid
94%
Europe San Marino
94%
Europe San Marino
94%
Europe Switzerland
94%
Europe Belarus
93%
Europe Dublin
93%
Europe Liechtenstein
93%
Europe Netherlands
93%
Europe North Macedonia
93%
Europe Norway
93%
Europe Portugal
93%
Europe Russia
93%
Europe Serbia
93%
Europe Ukraine
93%
Europe Vatican City
93%
Europe Vatican City
93%
Europe Amsterdam
91%
Europe Brussels
91%
Europe Copenhagen
91%
Europe Kiev
91%
Europe Kosovo
91%
Europe Lisbon
91%
Europe Malta
91%
Europe Montenegro
91%
Europe Moscow
91%
Europe Prague
91%
Europe Romania
91%
Europe Stockholm
91%
Europe Athens
90%
Europe Budapest
90%
Europe Helsinki
90%
Europe Moldova
90%
Europe Monaco
90%
Europe Monaco
90%
Europe Oslo
90%
Europe Reykjavík
90%
Europe Warsaw
90%
Europe Bern
88%
Europe Sofia
88%
Europe Vienna
88%
Europe Tallinn
87%
Europe Andorra la Vella
86%
Europe Bucharest
86%
Europe Minsk
86%
Europe Riga
86%
Europe Zagreb
86%
Europe Sarajevo
84%
Europe Vilnius
83%
Europe Belgrade
81%
Europe Bratislava
81%
Europe Skopje
81%
Europe Tirana
81%
Europe Valletta
81%
Europe Ljubljana
80%
Europe Vaduz
80%
Europe Chişinău
78%
Europe Podgorica
78%
Europe Pristina
72%
No matching quizzes found
Score Distribution
Percent of People with Each Score
Percentile by Number Answered
Your Score History
You have not taken this quiz since the last reset